000 00793nam a2200253 a 4500
001 BRCA_5634
005 20190320205149.0
008 210211t1924----mx-ao#####---#000-0#spa-#
041 _aspa
044 _amx
050 4 _aNA5257.M4
_b.I45 1 1924
245 1 0 _aIglesias de México
_bv.1. Cúpulas.
260 _aMéxico
_bCultura
_c1924
300 _a1v.
_bil.
_c42 cm.
500 _aIncluye fotografías de Miguel Kahlo y pinturas del Dr. Atl
500 _aVer también F113 (v.2), F114 (v.3), F115 (v.4), F116 (v.5), F117 (v.6) y N.S. 177 (6 v.)
500 _aF112
650 1 4 _aIglesias
_zMéxico
_94471
650 1 4 _aArquitectura religiosa
_94011
700 1 _aKahlo, Guillermo
_d1871-
_9651
700 1 _aMurillo, Gerardo
_cDr. Atl
_d1875-1964
_9652
902 _aGFM
942 _2lcc
_cB
999 _c5328
_d5328